000 00320nam a2200121Ia 4500
008 241002s9999 xx 000 0 und d
082 _a297.55 RIC
100 _aRichard, F. Burton
245 0 _aPersonal Narrative of a Pilgrimage to Al Madinah & Meccah
260 _aNew York:
_c1964
600 _aReligion
942 _cUC
999 _c18695
_d18695